000 00436nam a22001817a 4500
003 MPLRDC
005 20220104145745.0
008 210129b ||||| |||| 00| 0 eng d
082 _a868.71 LJ
100 _a莎茄、蓝金合著
245 _a椰笛与竖琴
_c
250 _a初版
260 _a
_b群岛出版社
_c1962
300 _b
490 _a马来亚文学丛书
650 _a马华文学
942 _cBK
_o868.71 LJ
999 _c51500
_d51490